Podaj nazwę klubu piłkarskiego znając miasto - Statystyki

Ogólne statystyki
  • Ten quiz został rozwiązany 95 razy
  • Średni wynik to 20 z 23
Statystyki odpowiedzi
Miasto Nazwa % Poprawnych
Warszawa CWKS Legia
100%
Poznań Lech
97%
Zabrze Górnik
96%
Kraków TSW Wisła
94%
Częstochowa RKS Raków
92%
Mielec FKS Stal
91%
Łódź ŁKS
91%
Szczecin Pogoń
91%
Chorzów HKS Ruch
90%
Gdańsk Lechia
90%
Gdynia MZKS Arka
90%
Cracovia
88%
Polonia
88%
Widzew
88%
Warta
87%
Katowice GKS
84%
Białystok Jagiellonia
84%
Lublin Motor
83%
Wrocław WKS Śląsk
83%
Kielce Korona
81%
Radom RKS Radomiak
81%
Olsztyn OKS Stomil
78%
Opole OKS Odra
77%
Nie znaleziono quizów pasujących do podanych kryteriów
Rozkład punktacji
Procent ludzi z każdym wynikiem
Percentyl według liczby udzielonych odpowiedzi
Twoja historia wyników
Nie rozwiązałeś tego quizu